000 00585nam a2200241 a 4500
001 nice12345678
003 IN_TiNIC
005 20260116013515.0
008 050524s1985 dela grp 000 0 eng
020 _a
_c300
082 0 0 _a954.025
_bRAM
100 _aRam, Kewal
245 _aTazkiratul Umara
260 _aDelhi
_bMunshiram Manoharlal Pub
_c1985
300 _a305p
500 _aincludes index and biblioraphy
505 2 _aSelected Bibliography, Index
650 _aBiography-Mughal
700 1 _aRam, Kewal
902 _bSRS
942 _cBK
999 _c11262
_d11262